English housing survey (Record no. 115124)
[ view plain ]
| 000 -LEADER | |
|---|---|
| fixed length control field | 01598cad a22002175a 4500 |
| 001 - CONTROL NUMBER | |
| control field | L157629 |
| 008 - FIXED-LENGTH DATA ELEMENTS--GENERAL INFORMATION | |
| fixed length control field | 140409s2014 xxk f 000 0 eng d |
| 020 ## - INTERNATIONAL STANDARD BOOK NUMBER | |
| International Standard Book Number | 9781409841524 |
| 035 ## - SYSTEM CONTROL NUMBER | |
| System control number | (Sirsi) u158074 |
| 041 0# - LANGUAGE CODE | |
| Language code of text/sound track or separate title | eng |
| 110 2# - MAIN ENTRY--CORPORATE NAME | |
| Corporate name or jurisdiction name as entry element | United Kingdom |
| Subordinate unit | Department for Communities and Local Government |
| 9 (RLIN) | 4939 |
| 245 00 - TITLE STATEMENT | |
| Title | English housing survey |
| Remainder of title | headline report 2012-13[electronic resource] |
| 260 ## - PUBLICATION, DISTRIBUTION, ETC. | |
| Place of publication, distribution, etc. | London |
| Name of publisher, distributor, etc. | EHS |
| Date of publication, distribution, etc. | 2014 |
| 520 ## - SUMMARY, ETC. | |
| Summary, etc. | Preliminary findings of the English Housing Survey (EHS) for 2012-13. The report is split into two sections. The first focuses on the profile of households including trends in tenures and the demographic and economic characteristics of households. It also covers rents and housing benefit for both social and private renters, recent movers, mortgage difficulties, and overcrowding and under-occupation. Section two provides an overview of the housing stock in England including the age, size, and type of home and presents measures of living conditions in England. This includes: energy efficiency of the housing stock; decent homes; and homes affected by damp and mould. There are a number of additional tables presented in an annex which provide further detail to that covered in the main body of the report. |
| 590 ## - LOCAL NOTE (RLIN) | |
| Local note | KA |
| 650 24 - SUBJECT ADDED ENTRY--TOPICAL TERM | |
| Topical term or geographic name entry element | ENGLISH HOUSING SURVEY |
| 651 #4 - SUBJECT ADDED ENTRY--GEOGRAPHIC NAME | |
| Geographic name | England |
| Chronological subdivision | 886- |
| 690 ## - LOCAL SUBJECT ADDED ENTRY--TOPICAL TERM (OCLC, RLIN) | |
| Topical term or geographic name as entry element | Residential property |
| 9 (RLIN) | 6266 |
| 856 40 - ELECTRONIC LOCATION AND ACCESS | |
| Uniform Resource Identifier | <a href="https://www.gov.uk/government/uploads/system/uploads/attachment_data/file/284648/English_Housing_Survey_Headline_Report_2012-13.pdf">https://www.gov.uk/government/uploads/system/uploads/attachment_data/file/284648/English_Housing_Survey_Headline_Report_2012-13.pdf</a> |
| Public note | View the item free of charge at www.communities.gov.uk |
| 942 ## - ADDED ENTRY ELEMENTS (KOHA) | |
| Suppress in OPAC | 0 |
| Withdrawn status | Lost status | Source of classification or shelving scheme | Damaged status | Not for loan | Home library | Current library | Shelving location | Date acquired | Total Checkouts | Full call number | Barcode | Date last seen | Copy number | Price effective from | Koha item type |
|---|---|---|---|---|---|---|---|---|---|---|---|---|---|---|---|
| Dewey Decimal Classification | London | London | Online | 09/04/2014 | ONLINE PUBLICATION | 158074-1001 | 06/08/2019 | 1 | 06/08/2019 | Book |